| 000 | 00881nam a2200229 i 4500 | ||
|---|---|---|---|
| 001 | 115016 | ||
| 003 | ES-MaACL | ||
| 005 | 20250630225032.0 | ||
| 007 | t| | ||
| 008 | 070219s1947 sp ||||1| spa d | ||
| 100 | 1 |
_aMorgan, Jacques de. _983521 |
|
| 245 | 1 | 3 |
_aLa humanidad prehistórica / _cJacques de Morgan ; traducción de la segunda edición francesa, anotada y puesta al día por Luis Pericot García y Julián San Valero Aparisi. |
| 260 |
_aBarcelona : _bCervantes, _c1947. |
||
| 300 |
_aXXXVII, 421 p. : _bil. ; _c21 cm. |
||
| 490 | 1 |
_aLa evolución de la humanidad ; _v2 |
|
| 500 | _acon 1300 figuras, mapas y láminas en el texto. | ||
| 700 | 1 |
_aPericot, Luis, _d1899-1978 _991262 |
|
| 700 | 1 |
_aSan Valero Aparisi, Julián. _9102311 |
|
| 830 | 0 |
_aLa evolución de la humanidad ; _v2 _9185926 |
|
| 852 |
_aES-MaACL _jC-29078 |
||
| 999 |
_c115016 _d115016 |
||